=LDR 00000nam 2200000 4500 =001 INLIS000000000012282 =005 20130612103820 =008 ***********************************Ind** =035 ##$$a0010-061300000012282 =041 ##$$a Ind =082 ##$$a 574.52 =090 ##$$a 574.52, Adi b =100 ##$$a Adianto =245 ##$$a Biologi Pertanian, Adianto =260 ##$$a 1986 $b Bandung =300 ##$$a xxw, 120 hlm., Ilus, 21 cm =650 ##$$a Biologi pertanian =850 ##$$a NBPNMAT =990 ##$$a 0001/BPAP-NTB/20142014